MARC details
| 000 -LEADER |
| fixed length control field |
01073nam a22002417a 4500 |
| 003 - CONTROL NUMBER IDENTIFIER |
| control field |
OSt |
| 005 - DATE AND TIME OF LATEST TRANSACTION |
| control field |
20250411092210.0 |
| 008 - FIXED-LENGTH DATA ELEMENTS--GENERAL INFORMATION |
| fixed length control field |
240913b ||||| |||| 00| 0 eng d |
| 040 ## - CATALOGING SOURCE |
| Transcribing agency |
0 |
| 082 ## - DEWEY DECIMAL CLASSIFICATION NUMBER |
| Classification number |
DPer 621.317 Ie21 December 2022 v.37 n. 12 part 1&2. |
| 100 ## - MAIN ENTRY--PERSONAL NAME |
| Personal name |
Wei, Jinxiao. |
| Relator term |
author. |
| 9 (RLIN) |
60991 |
| 245 ## - TITLE STATEMENT |
| Title |
Integrated design for lifetime extension and esr monitoring of hybrid dc link in solid-state transformer from the perspective of high-frequency ripple current / |
| Statement of responsibility, etc. |
Jinxiao Wei, Hao Feng, and Li Ran. |
| 260 ## - PUBLICATION, DISTRIBUTION, ETC. (IMPRINT) |
| Place of publication, distribution, etc. |
New York ; |
| Name of publisher, distributor, etc. |
The Institute of Electrical and Electronics Engineers, Inc., |
| Date of publication, distribution, etc. |
December 2022. |
| 300 ## - PHYSICAL DESCRIPTION |
| Extent |
volume 37, pages 15583-15593, |
| Other physical details |
illustration. |
| 500 ## - GENERAL NOTE |
| General note |
IEEE Transactions on Power Electronics, v. 37 n. 12, pages 15583-15593, December 2022. |
| 650 #0 - SUBJECT ADDED ENTRY--TOPICAL TERM |
| Topical term or geographic name as entry element |
high-frequency ripple current. |
| 9 (RLIN) |
66320 |
| 650 #0 - SUBJECT ADDED ENTRY--TOPICAL TERM |
| Topical term or geographic name as entry element |
hybrid capacitor bank. |
| 9 (RLIN) |
66321 |
| 650 #0 - SUBJECT ADDED ENTRY--TOPICAL TERM |
| Topical term or geographic name as entry element |
lifetime extension (LE). |
| 9 (RLIN) |
66322 |
| 700 ## - ADDED ENTRY--PERSONAL NAME |
| Personal name |
Wei, Jinxiao. |
| Relator term |
author. |
| 9 (RLIN) |
60991 |
| 700 ## - ADDED ENTRY--PERSONAL NAME |
| Personal name |
Feng, Hao. |
| Relator term |
author. |
| 9 (RLIN) |
60992 |
| 700 ## - ADDED ENTRY--PERSONAL NAME |
| Personal name |
Ran, Li. |
| Relator term |
author. |
| 9 (RLIN) |
60993 |
| 942 ## - ADDED ENTRY ELEMENTS (KOHA) |
| Source of classification or shelving scheme |
Dewey Decimal Classification |
| Koha item type |
Periodicals |